000
00258nam a2200109Ia 4500
008
190216s9999||||xx |||||||||||||| ||und||
100
_a
Darmapal Shashthri
245
0
_a
Hindi-Naithik Kathayem
260
_b
Sumithra Prakashan
650
_a
Hindi
942
_c
BK
999
_c
15260
_d
15260